Rubber processing : An introduction (Record no. 41918)

MARC details
000 -LEADER
fixed length control field 00459nam a2200181Ia 4500
020 ## - INTERNATIONAL STANDARD BOOK NUMBER
ISBN 3446215786
082 ## - DEWEY DECIMAL CLASSIFICATION NUMBER
Classification number NR:62:678.02
Item number JOH
100 ## - MAIN ENTRY--AUTHOR NAME
Personal name Johnson, Peter S
245 #0 - TITLE STATEMENT
Title Rubber processing : An introduction
260 ## - PUBLICATION, DISTRIBUTION, ETC. (IMPRINT)
Place of publication Munich
Year of publication Carl Hanser Verlag;2001
650 ## - SUBJECT ADDED ENTRY--TOPICAL TERM
Topical Term Calendering
650 ## - SUBJECT ADDED ENTRY--TOPICAL TERM
Topical Term Curing
650 ## - SUBJECT ADDED ENTRY--TOPICAL TERM
Topical Term Extrusion
650 ## - SUBJECT ADDED ENTRY--TOPICAL TERM
Topical Term Rubber mixing
650 ## - SUBJECT ADDED ENTRY--TOPICAL TERM
Topical Term Rubber molding
942 ## - ADDED ENTRY ELEMENTS (KOHA)
Koha item type Books
Holdings
Withdrawn status Lost status Damaged status Not for loan Home library Current library Date acquired Cost, normal purchase price Full call number Accession Number Koha item type
        RRII Library RRII Library 16/12/2021 69.90 NR:62:678.02 JOH 22199 Books